| 000 | 00873nam a22002417a 4500 | ||
|---|---|---|---|
| 999 |
_c1389 _d1389 |
||
| 001 | 1389 | ||
| 003 | BD-JhCC | ||
| 005 | 20230202134024.0 | ||
| 008 | 171018s2005 bg |||| |||| 000 0 ben d | ||
| 020 | _a984410453X | ||
| 035 | _a(BD-JhCC)1389 | ||
| 040 |
_aBD-JhCC _dBD-JhCC |
||
| 041 | _aben | ||
| 082 |
_a813.52 _bLON 2005 |
||
| 100 | _aলন্ডন, জ্যাক | ||
| 245 |
_aসমুদ্রের স্বাদ / _cজ্যাক লন্ডন; কবীর চৌধুরী(অনুবাদ) |
||
| 260 |
_aঢাকা : _bমাওলা ব্রাদার্স, _bজাতীয় মুদ্রণ, _c২০০৫. _c1981. |
||
| 300 |
_a২৬২ পৃ. : _a348 p. : _c২২ সেমি. _c23 cm. |
||
| 650 | _aScalers (Persons) | ||
| 700 | _aচৌধুরী, কবীর | ||
| 942 |
_2ddc _cBK _03 |
||